000 00426nam a2200157 a 4500
001 23657
005 20180713221742.0
008 140415s1971 000 0 spa d
041 _aspa
082 _a621.952
_bOBT
245 0 0 _aOBTENGA LA MAXIMA UTILIDAD DE SU TALADRO DE BANCO
260 _a[s.l.] :
_bDIANA,
_c1971
300 _a126
490 _aMANUALES DE HERRAMIENTAS MECANICAS
650 1 4 _aTALADROS
999 _c23657
_d23657